opac header logoIBA Library

The Japanese economic system and its historical origins/ (Record no. 699)

MARC details
000 -LEADER
fixed length control field 00535nam a22001817a 4500
003 - CONTROL NUMBER IDENTIFIER
control field BD-DhUIB
005 - DATE AND TIME OF LATEST TRANSACTION
control field 20260517175953.0
008 - FIXED-LENGTH DATA ELEMENTS--GENERAL INFORMATION
fixed length control field 260517b |||||||| |||| 00| 0 eng d
020 ## - INTERNATIONAL STANDARD BOOK NUMBER
International Standard Book Number 0198289014
040 ## - CATALOGING SOURCE
Original cataloging agency BD-DhUIB
Transcribing agency BD-DhUIB
082 ## - DEWEY DECIMAL CLASSIFICATION NUMBER
Edition number 22
100 ## - MAIN ENTRY--PERSONAL NAME
Personal name Okazaki Tetsuji and Fujiwara Masahiro Okuno.
9 (RLIN) 1113
245 ## - TITLE STATEMENT
Title The Japanese economic system and its historical origins/
Statement of responsibility, etc. by Tetsuji Okazaki and masahiro Okuno.
260 ## - PUBLICATION, DISTRIBUTION, ETC.
Place of publication, distribution, etc. New york.
Date of publication, distribution, etc. c1999
300 ## - PHYSICAL DESCRIPTION
Extent x,294p. :
Other physical details illus. ;
Dimensions 22cm.
526 ## - STUDY PROGRAM INFORMATION NOTE
Program name MBA
942 ## - ADDED ENTRY ELEMENTS (KOHA)
Source of classification or shelving scheme Dewey Decimal Classification
Koha item type Books
Holdings
Withdrawn status Lost status Source of classification or shelving scheme Damaged status Not for loan Collection code Home library Current library Shelving location Date acquired Source of acquisition Total Checkouts Full call number Barcode Date last seen Price effective from Koha item type
    Dewey Decimal Classification     Non-fiction IBA Library IBA Library General Stacks 05/10/2026 Gift.   330 00051723 05/17/2026 05/17/2026 Books
Copyright © 2021-2026 | IBA Library
Institute of Business Administration (IBA)
University of Dhaka
Library Home | IBA Home